000 00493nam a2200193Ia 4500
005 20240823050338.0
008 240823s9999||||xx |||||||||||||| ||und||
020 _a978-4-07-065898-1
041 _aENGLISH
082 _A910.285 Q0
100 _aKang-tsung Chang
245 0 _aIntroduction to Geographic Information Systems
250 _a4th
260 _c2010
_bMcGraw - Hill Higher Educ
_aNew York
500 _aYES
650 _aGeographic
_bGeneral
942 _cBK
999 _c217040
_d217040